000 00652cam a22002291 4500
008
049 _aMAIN
090 _aQK47BOL
100 1 _aBold, Harold Charles.
245 1 4 _aThe plant kingdom/
_cHarold C. Bold.
260 _aEnglewood Cliffs :
_bPrentice-Hall,
_cc1960.
300 _a114 p. :
_bill. ;
_c23 cm.
440 0 _aFoundations of modern biology series.
500 _aIncludes index.
504 _aIncludes bibliographical references.
650 0 _aBotany.
907 _a.b10014718
_b13-01-06
_c17-04-03
003
005 20230123133129.0
040 _cNUST
942 _cBOOKS
_kQK47BOL
999 _c143268
_d143268